Applied Sociology for Nurses (Record no. 142491)

MARC details
000 -LEADER
fixed length control field 00391nam a2200157Ia 4500
008 - FIXED-LENGTH DATA ELEMENTS--GENERAL INFORMATION
fixed length control field 230314s9999 xx 000 0 und d
020 ## - INTERNATIONAL STANDARD BOOK NUMBER
International Standard Book Number 978-93-5465-693-4
041 ## - LANGUAGE CODE
Language code of text/sound track or separate title eng
082 ## - DEWEY DECIMAL CLASSIFICATION NUMBER
Classification number SO/301/SRE/B09760
100 ## - MAIN ENTRY--PERSONAL NAME
Personal name Sreevani R
245 ## - TITLE STATEMENT
Title Applied Sociology for Nurses
260 ## - PUBLICATION, DISTRIBUTION, ETC. (IMPRINT)
Name of publisher, distributor, etc. Jaypee Brothers
Place of publication, distribution, etc. New Delhi
Date of publication, distribution, etc. 2022
300 ## - PHYSICAL DESCRIPTION
Extent 209p
906 ## - LOCAL DATA ELEMENT F, LDF (RLIN)
b BSC
Holdings
Withdrawn status Lost status Damaged status Not for loan Collection code Home library Current library Date acquired Vendor Cost, normal purchase price Bill number Total Checkouts Total Renewals Full call number Barcode Checked out Date last seen Date last checked out Cost, replacement price Bill Date Koha item type Original Barcode
          Smt. Bakul Tambat Institute of Nursing Education Smt. Bakul Tambat Institute of Nursing Education 30/03/2022 Varad Enterprises 495.00 54 35 22 SO 301 SRE B09760 BTIN-BK-9760 07/04/2026 24/03/2026 24/03/2026 331.65 25/03/2022 Books B09760
          Smt. Bakul Tambat Institute of Nursing Education Smt. Bakul Tambat Institute of Nursing Education 30/03/2022 Varad Enterprises 495.00 54 36 21 SO 301 SRE B09761 BTIN-BK-9761 07/04/2026 27/03/2026 27/03/2026 331.65 25/03/2022 Books B09761
          Smt. Bakul Tambat Institute of Nursing Education Smt. Bakul Tambat Institute of Nursing Education 30/03/2022 Varad Enterprises 495.00 54 29 10 SO 301 SRE B09762 BTIN-BK-9762 07/04/2026 20/03/2026 20/03/2026 331.65 25/03/2022 Books B09762
          Smt. Bakul Tambat Institute of Nursing Education Smt. Bakul Tambat Institute of Nursing Education 30/03/2022 Varad Enterprises 495.00 54 35 18 SO 301 SRE B09763 BTIN-BK-9763 07/04/2026 27/03/2026 27/03/2026 331.65 25/03/2022 Books B09763
          Smt. Bakul Tambat Institute of Nursing Education Smt. Bakul Tambat Institute of Nursing Education 30/03/2022 Varad Enterprises 495.00 54 30 22 SO 301 SRE B09764 BTIN-BK-9764 07/04/2026 11/03/2026 11/03/2026 331.65 25/03/2022 Books B09764